000 00390nam a22001457a 4500
005 20200607104119.0
008 200607b xxu||||| |||| 00| 0 eng d
082 _a345.4
110 _aALL INDIA REPORTER
_95813
245 _aALL INDIA REPORTER 2007 (V-94) S.C. SECTION (1ST)
260 _aMUMBAI
_bALL INDIA REPORTER PVT LTD.
300 _a1056p;
650 _aLAW
_95701
942 _cJRL
999 _c6883
_d6881